[Event "Independence Cup A"]
[Site "Kyiv UKR"]
[Date "2008.08.13"]
[Round "10"]
[White "Golubka, Petro"]
[Black "Kostiuk, Tatiana"]
[Result "1/2-1/2"]
[WhiteElo "2296"]
[BlackElo "2231"]
[WhiteFideId "-1"]
[BlackFideId "-1"]
[PlyCount "202"]
[GameId "2129405094237424"]
[EventDate "2008.08.13"]
[EventType "swiss"]
[EventRounds "11"]
[EventCountry "UKR"]
[SourceTitle "The Week in Chess 721"]
[Source "Mark Crowther"]
[SourceDate "2008.09.01"]
[SourceVersion "1"]
[SourceVersionDate "2008.09.01"]
[SourceQuality "2"]

1. d4 Nf6 2. Nf3 c5 3. c4 cxd4 4. Nxd4 e5 5. Nb5 d5 6. cxd5 Bc5 7. e3 O-O 8. N5c3 Qe7 9. Nd2 e4 10. Be2 Rd8 11. Qc2 Bf5 12. a3 a5 13. h3 Nxd5 14. Nxd5 Rxd5 15. Qc4 Rd8 16. Nb3 Bd6 17. Nd4 Bd7 18. Nb5 Be5 19. O-O Nc6 20. Nc3 Bf5 21. Bg4 Bxg4 22. hxg4 Qh4 23. g3 Bxg3 24. fxg3 Qxg3+ 25. Kh1 Ne5 26. Qxe4 Ra6 27. Qg2 Qh4+ 28. Qh2 Qxg4 29. e4 Nf3 30. Rxf3 Qxf3+ 31. Qg2 Qh5+ 32. Qh2 Qf3+ 33. Qg2 Rd1+ 34. Nxd1 Qxd1+ 35. Qg1 Qe2 36. Qg2 Qe1+ 37. Qg1 Qxe4+ 38. Qg2 Qh4+ 39. Qh2 Qe1+ 40. Qg1 Qe5 41. Qh2 Qd5+ 42. Qg2 Qd7 43. Bf4 Rg6 44. Qf3 Qb5 45. Rd1 h6 46. Rg1 Rxg1+ 47. Kxg1 Qxb2 48. Qe3 Qb5 49. Be5 a4 50. Qg3 Qb1+ 51. Kf2 Qc2+ 52. Ke1 Qc1+ 53. Kf2 Qg5 54. Qc3 Qf5+ 55. Kg1 f6 56. Bd4 b5 57. Kh2 Kh7 58. Kg2 Qe4+ 59. Kf2 Qf5+ 60. Kg2 h5 61. Bf2 Qd5+ 62. Kg1 Qc4 63. Qe3 b4 64. axb4 Qxb4 65. Qd3+ Kh6 66. Be3+ g5 67. Qd8 Qe1+ 68. Kg2 Qe2+ 69. Bf2 Qe4+ 70. Kg1 Kg7 71. Bd4 Qg4+ 72. Kf2 Qf4+ 73. Ke2 Qe4+ 74. Kd2 Qe6 75. Qc7+ Kh6 76. Qc3 Kg6 77. Qc2+ Qf5 78. Qxa4 g4 79. Be3 Qd5+ 80. Ke2 Qf3+ 81. Kd2 Qg2+ 82. Kd3 Qd5+ 83. Ke2 Qe6 84. Qf4 Qe5 85. Qh6+ Kf7 86. Qh7+ Ke6 87. Qg8+ Kd7 88. Qf7+ Kd6 89. Qf8+ Ke6 90. Qe8+ Kd5 91. Qa8+ Kc4 92. Qa4+ Kc3 93. Qa3+ Kc4 94. Qa4+ Kd5 95. Qa8+ Kd6 96. Qd8+ Kc6 97. Qc8+ Qc7 98. Qe8+ Qd7 99. Qxh5 f5 100. Qg6+ Kd5 101. Qb6 Qc8 1/2-1/2

[Event "Independence Cup A"]
[Site "Kyiv UKR"]
[Date "2008.08.13"]
[Round "11"]
[White "Moiseev, Igor"]
[Black "Golubka, Petro"]
[Result "0-1"]
[WhiteElo "2228"]
[BlackElo "2296"]
[WhiteFideId "-1"]
[BlackFideId "-1"]
[PlyCount "96"]
[GameId "2129405094237459"]
[EventDate "2008.08.13"]
[EventType "swiss"]
[EventRounds "11"]
[EventCountry "UKR"]
[SourceTitle "The Week in Chess 721"]
[Source "Mark Crowther"]
[SourceDate "2008.09.01"]
[SourceVersion "1"]
[SourceVersionDate "2008.09.01"]
[SourceQuality "2"]

1. e4 c5 2. Nf3 d6 3. Bc4 e6 4. O-O Nf6 5. Nc3 Qc7 6. d3 Be7 7. Bg5 a6 8. a4 Nc6 9. Qd2 O-O 10. Rae1 Ng4 11. Ba2 Rb8 12. h3 Nf6 13. Nh4 b5 14. axb5 axb5 15. Re3 Nd4 16. Rg3 Kh8 17. f4 b4 18. Ne2 Nh5 19. Nxd4 Nxg3 20. Rf3 cxd4 21. Rxg3 f6 22. Bh6 gxh6 23. f5 Rg8 24. Ng6+ Rxg6 25. Rxg6 Bf8 26. Rg4 h5 27. Rh4 exf5 28. Rxh5 b3 29. Bxb3 Rxb3 30. cxb3 Qf7 31. Qd1 fxe4 32. dxe4 Bb7 33. Rh4 d5 34. Qxd4 dxe4 35. Rf4 Bg7 36. Rf5 Qe7 37. Qe3 h6 38. h4 Ba6 39. h5 Bd3 40. Rc5 Qd7 41. Ra5 Qg4 42. Qd4 Qd1+ 43. Kh2 f5 44. Qd8+ Kh7 45. Rxf5 Qg4 46. Qd5 Be2 47. b4 e3 48. b3 Qxb4 0-1

[Event "Kiev Independence Cup-A 8th"]
[Site "Kiev"]
[Date "2008.08.15"]
[Round "3"]
[White "Semenova, Lidia K"]
[Black "Golubka, Petro"]
[Result "0-1"]
[WhiteElo "2213"]
[BlackElo "2296"]
[WhiteFideId "-1"]
[BlackFideId "-1"]
[PlyCount "142"]
[GameId "1166650836238336"]
[EventDate "2008.08.13"]
[EventType "swiss"]
[EventRounds "11"]
[EventCountry "UKR"]
[SourceTitle "CBM 126 Extra"]
[Source "ChessBase"]
[SourceDate "2008.11.05"]
[SourceVersion "1"]
[SourceVersionDate "2008.11.05"]
[SourceQuality "1"]

1. e4 e5 2. Nc3 Nc6 3. g3 Nf6 4. Bg2 Bc5 5. d3 d6 6. Nge2 a6 7. h3 Nd4 8. Be3 Ne6 9. Qd2 Bxe3 10. Qxe3 c5 11. f4 Nd4 12. Qd2 b5 13. Nxd4 cxd4 14. Ne2 Bb7 15. O-O O-O 16. c3 dxc3 17. bxc3 Nd7 18. f5 f6 19. g4 Nc5 20. Qe3 Rc8 21. Rfd1 Re8 22. Kh2 d5 23. Rac1 Na4 24. h4 Qb6 25. Qg3 dxe4 26. Bxe4 Nc5 27. Qe3 Qa5 28. Bxb7 Nxb7 29. Rd2 Qc7 30. Ng3 Nd6 31. Ne4 Red8 32. Rcc2 h6 33. Kg2 Nxe4 34. dxe4 Rxd2+ 35. Rxd2 Qxc3 36. Qe1 Rf8 37. Qd1 Qe3 38. Re2 Qf4 39. Qb3+ Rf7 40. Qf3 Qc1 41. Qb3 Qc4 42. Qxc4 bxc4 43. Rc2 Rc7 44. Kf3 Kf7 45. Ke2 Ke7 46. Rc3 Kd6 47. Ra3 Kc5 48. Rxa6 Kd4 49. Kd2 Kxe4 50. Kc3 Kf3 51. g5 hxg5 52. hxg5 fxg5 53. f6 gxf6 54. Rxf6+ Ke4 55. Rg6 Kf5 56. Rg8 Ra7 57. Rf8+ Ke4 58. Rf2 g4 59. Kxc4 g3 60. Re2+ Kf3 61. Rxe5 Rxa2 62. Kd3 Kf2 63. Rf5+ Ke1 64. Re5+ Kf1 65. Rf5+ Kg1 66. Ke3 g2 67. Rh5 Rf2 68. Rh8 Kf1 69. Ra8 g1=Q 70. Ra1+ Kg2 71. Rxg1+ Kxg1 0-1

[Event "Kiev Independence Cup-A 8th"]
[Site "Kiev"]
[Date "2008.08.18"]
[Round "6"]
[White "Golubka, Petro"]
[Black "Danilenko, Dmitriy"]
[Result "1/2-1/2"]
[WhiteElo "2296"]
[BlackElo "2209"]
[WhiteFideId "-1"]
[BlackFideId "-1"]
[PlyCount "39"]
[GameId "1166650836545536"]
[EventDate "2008.08.13"]
[EventType "swiss"]
[EventRounds "11"]
[EventCountry "UKR"]
[SourceTitle "CBM 126 Extra"]
[Source "ChessBase"]
[SourceDate "2008.11.05"]
[SourceVersion "1"]
[SourceVersionDate "2008.11.05"]
[SourceQuality "1"]

1. Nf3 f5 2. c4 Nf6 3. g3 g6 4. b4 Bg7 5. Bb2 O-O 6. Bg2 d6 7. d4 c6 8. O-O Kh8 9. Qb3 Be6 10. Nbd2 Nbd7 11. a4 Bg8 12. Qc2 Rc8 13. a5 a6 14. Rfe1 d5 15. e3 Ne4 16. Bf1 Nd6 17. Rad1 Qc7 18. h4 Ne4 19. Rc1 e5 20. dxe5 1/2-1/2

[Event "Kiev Independence Cup-A 8th"]
[Site "Kiev"]
[Date "2008.08.21"]
[Round "9"]
[White "Sshedrin, Ilya"]
[Black "Golubka, Petro"]
[Result "1/2-1/2"]
[WhiteElo "1969"]
[BlackElo "2296"]
[WhiteFideId "-1"]
[BlackFideId "-1"]
[PlyCount "104"]
[GameId "1166650836971520"]
[EventDate "2008.08.13"]
[EventType "swiss"]
[EventRounds "11"]
[EventCountry "UKR"]
[SourceTitle "CBM 126 Extra"]
[Source "ChessBase"]
[SourceDate "2008.11.05"]
[SourceVersion "1"]
[SourceVersionDate "2008.11.05"]
[SourceQuality "1"]

1. e4 c5 2. Nf3 e6 3. d4 cxd4 4. Nxd4 Nf6 5. f3 a6 6. c4 Qc7 7. Be3 d5 8. exd5 exd5 9. Nc3 Nbd7 10. Qe2 Qxc4 11. Qxc4 dxc4 12. Bxc4 Ne5 13. Be2 Bb4 14. Kf2 O-O 15. Rhd1 Re8 16. Bg5 Bxc3 17. bxc3 Neg4+ 18. Kg1 h6 19. Bxf6 Nxf6 20. c4 Nd7 21. Kf2 Nc5 22. Nb3 Na4 23. Rac1 Be6 24. c5 Rac8 25. Rd4 Bxb3 26. axb3 Rxc5 27. Bc4 b5 28. bxa4 Rec8 29. axb5 axb5 30. Bxf7+ Kxf7 31. Rd7+ Kf6 32. Rxc5 Rxc5 33. Rb7 Rc2+ 34. Kg3 Rb2 35. h4 h5 36. Kf4 Rb4+ 37. Ke3 Kg6 38. g4 hxg4 39. fxg4 Rxg4 40. Rxb5 Rxh4 41. Kf2 Kh6 42. Kg2 g5 43. Rb8 Ra4 44. Rb1 Ra3 45. Kh2 Kh5 46. Kg2 Kh4 47. Kh2 Ra2+ 48. Kg1 g4 49. Rc1 Rb2 50. Ra1 Kh3 51. Ra3+ g3 52. Ra1 Rc2 1/2-1/2

[Event "Ilichevsk Sunny Pawn op"]
[Site "Ilichevsk"]
[Date "2008.07.22"]
[Round "3"]
[White "Evtodiy, Vyacheslav"]
[Black "Golubka, Petro"]
[Result "1/2-1/2"]
[WhiteElo "2050"]
[BlackElo "2296"]
[WhiteFideId "-1"]
[BlackFideId "-1"]
[PlyCount "96"]
[GameId "1166650740928512"]
[EventDate "2008.07.20"]
[EventType "swiss"]
[EventRounds "10"]
[EventCountry "UKR"]
[SourceTitle "CBM 125 Extra"]
[Source "ChessBase"]
[SourceDate "2008.09.01"]
[SourceVersion "1"]
[SourceVersionDate "2008.09.01"]
[SourceQuality "1"]

1. e4 c5 2. Nf3 d6 3. Bb5+ Bd7 4. Bxd7+ Qxd7 5. O-O Nc6 6. c4 g6 7. d4 cxd4 8. Nxd4 Bg7 9. Nc2 Nf6 10. Nc3 O-O 11. f3 Rfc8 12. Be3 Rab8 13. Qd2 Qd8 14. Rfd1 a6 15. Qe2 Qa5 16. a4 Ne5 17. Nd5 Nxd5 18. Rxd5 Qc7 19. b3 Nxc4 20. bxc4 Bxa1 21. Nxa1 Qxc4 22. Qd1 b5 23. Rd4 Qa2 24. axb5 axb5 25. Rd2 Qa3 26. Rd3 Rc3 27. Rxc3 Qxc3 28. Bd4 Qc4 29. Nb3 b4 30. h3 Ra8 31. Nc1 Rc8 32. Bb2 f6 33. Qd2 Kg7 34. Kh2 b3 35. Qe3 Qc2 36. Nd3 Kf7 37. f4 e5 38. fxe5 dxe5 39. Qa7+ Qc7 40. Qa4 Qb7 41. Nb4 Rc4 42. Ba3 Kg7 43. Qxb3 Rxe4 44. Qc3 Qf7 45. Qc6 Rc4 46. Qa8 h5 47. Nc6 e4 48. Bd6 e3 1/2-1/2

[Event "Ilichevsk Sunny Pawn op"]
[Site "Ilichevsk"]
[Date "2008.07.25"]
[Round "6"]
[White "Golubka, Petro"]
[Black "Gordiyenko, Anna"]
[Result "1-0"]
[WhiteElo "2296"]
[BlackElo "2041"]
[WhiteFideId "-1"]
[BlackFideId "-1"]
[PlyCount "121"]
[GameId "1166650741710848"]
[EventDate "2008.07.20"]
[EventType "swiss"]
[EventRounds "10"]
[EventCountry "UKR"]
[SourceTitle "CBM 125 Extra"]
[Source "ChessBase"]
[SourceDate "2008.09.01"]
[SourceVersion "1"]
[SourceVersionDate "2008.09.01"]
[SourceQuality "1"]

1. d4 d5 2. Nf3 e6 3. c4 Nf6 4. Nc3 Be7 5. Bg5 h6 6. Bh4 O-O 7. e3 b6 8. Bd3 Bb7 9. O-O Nbd7 10. cxd5 exd5 11. Bf5 c5 12. Ne5 Re8 13. Bg3 Nf8 14. Qa4 Bd6 15. h3 Ne6 16. Rad1 a6 17. Bxe6 Rxe6 18. Qc2 b5 19. a3 c4 20. f3 Qb6 21. Bf2 Rc8 22. Rfe1 Qc7 23. Bg3 Qc6 24. Bf2 Qc7 25. Ng4 Rce8 26. Qf5 Nxg4 27. hxg4 g6 28. Qc2 Rf6 29. Bh4 g5 30. Bf2 Bh2+ 31. Kf1 Qd6 32. e4 dxe4 33. Nxe4 Bxe4 34. Rxe4 Rxe4 35. Qxe4 Qf4 36. Qe8+ Kg7 37. d5 Qd6 38. Bd4 Bg3 39. Qc6 Kg6 40. Bxf6 Kxf6 41. Qxd6+ Bxd6 42. Ke2 Ke5 43. g3 f5 44. gxf5 Kxf5 45. g4+ Ke5 46. Rh1 Kxd5 47. Rxh6 a5 48. Rg6 Bf4 49. a4 bxa4 50. Ra6 Kc5 51. Kd1 Kb5 52. Ra8 Kb4 53. Kc2 Be5 54. Re8 Bf4 55. Re4 Bg3 56. Rd4 Be5 57. Rd5 Bf4 58. Rf5 Be3 59. Rf7 Bf4 60. Rxf4 gxf4 61. g5 1-0

[Event "Ilichevsk Sunny Pawn op"]
[Site "Ilichevsk"]
[Date "2008.07.26"]
[Round "7"]
[White "Matviychuk, Andrey"]
[Black "Golubka, Petro"]
[Result "0-1"]
[WhiteElo "2164"]
[BlackElo "2296"]
[WhiteFideId "-1"]
[BlackFideId "-1"]
[PlyCount "92"]
[GameId "1166650742038528"]
[EventDate "2008.07.20"]
[EventType "swiss"]
[EventRounds "10"]
[EventCountry "UKR"]
[SourceTitle "CBM 125 Extra"]
[Source "ChessBase"]
[SourceDate "2008.09.01"]
[SourceVersion "1"]
[SourceVersionDate "2008.09.01"]
[SourceQuality "1"]

1. d4 d5 2. c4 e6 3. Nc3 c5 4. cxd5 exd5 5. Nf3 Nc6 6. g3 Nf6 7. Bg2 Be7 8. O-O O-O 9. Bg5 cxd4 10. Nxd4 h6 11. Be3 Re8 12. Rc1 Bg4 13. Re1 Na5 14. h3 Be6 15. Rc2 a6 16. Bc1 Bb4 17. Nxe6 fxe6 18. a3 Be7 19. Qd3 Rc8 20. b4 Nc6 21. Na4 Ne5 22. Rxc8 Qxc8 23. Qd4 Nc4 24. Nb6 Nxb6 25. Qxb6 Bd8 26. Qd4 Qc6 27. Be3 Qd7 28. Rc1 Be7 29. h4 Bd6 30. Bh3 Qe7 31. Bg2 Nd7 32. Qa7 Ne5 33. Bf4 Rf8 34. Qb6 Kh8 35. Qd4 Qf6 36. Kf1 Qf7 37. e4 Nc6 38. Rxc6 e5 39. Qxd5 bxc6 40. Qxf7 Rxf7 41. Be3 Rc7 42. Bb6 Rb7 43. Be3 Bb8 44. Ke1 Ba7 45. Bd2 Rd7 46. Bf1 Bxf2+ 0-1

[Event "Ilichevsk Sunny Pawn op"]
[Site "Ilichevsk"]
[Date "2008.07.29"]
[Round "9"]
[White "Grinev, Valeriy"]
[Black "Golubka, Petro"]
[Result "1/2-1/2"]
[WhiteElo "2297"]
[BlackElo "2296"]
[WhiteFideId "-1"]
[BlackFideId "-1"]
[PlyCount "40"]
[GameId "1166650742468608"]
[EventDate "2008.07.20"]
[EventType "swiss"]
[EventRounds "10"]
[EventCountry "UKR"]
[SourceTitle "CBM 125 Extra"]
[Source "ChessBase"]
[SourceDate "2008.09.01"]
[SourceVersion "1"]
[SourceVersionDate "2008.09.01"]
[SourceQuality "1"]

1. d4 d5 2. c4 c6 3. Nf3 Nf6 4. Nc3 g6 5. cxd5 cxd5 6. Bf4 Bg7 7. e3 a6 8. Bd3 Nc6 9. O-O O-O 10. Ne5 Qa5 11. a3 Nh5 12. b4 Qd8 13. Nxc6 bxc6 14. Bg5 Bd7 15. Na4 Re8 16. Nc5 Qc8 17. Be2 Nf6 18. Bf4 a5 19. bxa5 Rxa5 20. Qd2 Rxc5 1/2-1/2

[Event "Ilichevsk Sunny Pawn op"]
[Site "Ilichevsk"]
[Date "2008.07.30"]
[Round "10"]
[White "Golubka, Petro"]
[Black "Nazarenko, Sergei"]
[Result "1-0"]
[WhiteElo "2296"]
[BlackElo "2238"]
[WhiteFideId "-1"]
[BlackFideId "-1"]
[PlyCount "73"]
[GameId "1166650742693888"]
[EventDate "2008.07.20"]
[EventType "swiss"]
[EventRounds "10"]
[EventCountry "UKR"]
[SourceTitle "CBM 125 Extra"]
[Source "ChessBase"]
[SourceDate "2008.09.01"]
[SourceVersion "1"]
[SourceVersionDate "2008.09.01"]
[SourceQuality "1"]

1. e4 c5 2. Nf3 e6 3. Nc3 d6 4. d4 cxd4 5. Nxd4 Nf6 6. f3 Be7 7. Be3 a6 8. g4 Nc6 9. Qd2 O-O 10. O-O-O Nd7 11. h4 Nxd4 12. Bxd4 b5 13. Kb1 Bb7 14. g5 b4 15. Ne2 d5 16. e5 Qc7 17. f4 a5 18. h5 g6 19. hxg6 fxg6 20. Bh3 Ra6 21. Ng3 a4 22. Qh2 Rf7 23. f5 exf5 24. e6 Rxe6 25. Nxf5 Bd6 26. Nh6+ Kf8 27. Qg2 Ree7 28. Nxf7 Rxf7 29. Be6 Re7 30. Bxd5 b3 31. Rhf1+ Ke8 32. Bxb7 bxc2+ 33. Qxc2 Qxb7 34. Qxa4 Be5 35. Bxe5 Rxe5 36. Rxd7 Qxd7 37. Rf8+ 1-0

[Event "Sun Pawn-C"]
[Site "Illichevsk UKR"]
[Date "2008.07.20"]
[Round "1"]
[White "Tkachova, Anastasia"]
[Black "Golubka, Petro"]
[Result "1/2-1/2"]
[WhiteElo "1800"]
[BlackElo "2296"]
[WhiteFideId "-1"]
[BlackFideId "-1"]
[PlyCount "58"]
[GameId "2129405094981021"]
[EventDate "2008.07.20"]
[EventType "swiss"]
[EventRounds "11"]
[EventCountry "UKR"]

1. e4 c5 2. Nc3 d6 3. g3 Nc6 4. Bg2 g6 5. d3 Bg7 6. Be3 Nf6 7. h3 Nd4 8. f4 Nd7 9. Nf3 Rb8 10. a4 a6 11. O-O O-O 12. Qd2 e6 13. Rab1 b6 14. Ne2 e5 15. c3 Nxf3+ 16. Bxf3 exf4 17. Bxf4 Ne5 18. Bg2 Nc6 19. d4 cxd4 20. cxd4 b5 21. axb5 Rxb5 22. Rfc1 Bb7 23. d5 Ne5 24. Nd4 Rc5 25. Rxc5 dxc5 26. Nf3 Qd6 27. Nxe5 Bxe5 28. Bxe5 Qxe5 29. Qc3 Qc7 $11 1/2-1/2

[Event "Sun Pawn-C"]
[Site "Illichevsk UKR"]
[Date "2008.07.23"]
[Round "4"]
[White "Golubka, Petro"]
[Black "Ponomarenko, Alexandr"]
[Result "1/2-1/2"]
[WhiteElo "2296"]
[BlackElo "2022"]
[WhiteFideId "-1"]
[BlackFideId "-1"]
[PlyCount "60"]
[GameId "2129405094981169"]
[EventDate "2008.07.20"]
[EventType "swiss"]
[EventRounds "11"]
[EventCountry "UKR"]

1. e4 c5 2. Nf3 e6 3. d4 cxd4 4. Nxd4 a6 5. c4 Nf6 6. Bd3 Qc7 7. Nf3 Nc6 8. Nc3 Be7 9. O-O O-O 10. h3 d6 11. b3 Ne5 12. Bb2 Nfd7 13. Be2 Nxf3+ 14. Bxf3 Rb8 15. Be2 b6 16. Kh1 Bb7 17. Rc1 Nc5 18. Bf3 Rbd8 19. Qe2 Nd7 20. Qd2 Qb8 21. Be2 Nc5 22. Qe3 Qa8 23. f3 Rfe8 24. Rce1 Bf8 25. Qf2 Bc6 26. Ra1 Qb7 27. Rfb1 d5 28. b4 d4 29. bxc5 dxc3 30. Bxc3 Bxc5 $11 1/2-1/2

[Event "Sun Pawn-C"]
[Site "Illichevsk UKR"]
[Date "2008.07.28"]
[Round "8"]
[White "Golubka, Petro"]
[Black "Khaetsky, Roman"]
[Result "1/2-1/2"]
[WhiteElo "2296"]
[BlackElo "2400"]
[WhiteFideId "-1"]
[BlackFideId "-1"]
[PlyCount "42"]
[GameId "2129405094981416"]
[EventDate "2008.07.20"]
[EventType "swiss"]
[EventRounds "11"]
[EventCountry "UKR"]

1. e4 Nf6 2. e5 Nd5 3. d4 d6 4. Nf3 dxe5 5. Nxe5 c6 6. Bd3 Nd7 7. Nxd7 Bxd7 8. O-O g6 9. Nd2 Bg7 10. Nf3 Bg4 11. c3 O-O 12. h3 Bxf3 13. Qxf3 Qb6 14. Rb1 Rfe8 15. Be4 Rad8 16. Rd1 e5 17. dxe5 Rxe5 18. Bxd5 Rexd5 19. Rxd5 Rxd5 20. Be3 Qa6 21. a3 b6 $11 1/2-1/2

[Event "Kiev-ch"]
[Site "Kiev"]
[Date "2008.01.19"]
[Round "1"]
[White "Gerber, Vladimir"]
[Black "Golubka, Petro"]
[Result "0-1"]
[WhiteElo "2130"]
[BlackElo "2270"]
[WhiteFideId "-1"]
[BlackFideId "-1"]
[PlyCount "102"]
[GameId "1166650240634880"]
[EventDate "2008.01.19"]
[EventType "swiss"]
[EventRounds "11"]
[EventCountry "UKR"]
[SourceTitle "CBM 122 Extra"]
[Source "ChessBase"]
[SourceDate "2008.03.04"]
[SourceVersion "1"]
[SourceVersionDate "2008.03.04"]
[SourceQuality "1"]

1. d4 Nf6 2. Nc3 d5 3. Bg5 c6 4. e3 Qb6 5. a3 Bf5 6. Bd3 Bxd3 7. cxd3 Qxb2 8. Nge2 Qb6 9. O-O Nbd7 10. e4 e6 11. Rb1 Qa6 12. e5 Ng8 13. a4 Be7 14. Qd2 h6 15. Be3 Bd8 16. Qb2 Rb8 17. Nf4 h5 18. Qe2 g6 19. Qf3 Nh6 20. Nfxd5 cxd5 21. Nb5 Nf5 22. Bg5 O-O 23. Bxd8 Rbxd8 24. Rb4 Qa5 25. Rfb1 Rc8 26. Qf4 a6 27. Nd6 Nxd6 28. exd6 b5 29. axb5 axb5 30. Rxb5 Rb8 31. Rxb8 Rxb8 32. Rc1 Qa2 33. g4 Qe2 34. gxh5 Qxh5 35. Rc7 Rd8 36. Qc1 Qg4+ 37. Kh1 Nf8 38. Rc8 Rxc8 39. Qxc8 Qd1+ 40. Kg2 Qa4 41. Qd8 Kg7 42. Qe7 Nd7 43. h3 Nf6 44. Kg1 Qd7 45. Qxd7 Nxd7 46. f4 Nf6 47. Kf2 Kf8 48. Kf3 Ke8 49. f5 exf5 50. Kf4 Kd7 51. Ke5 f4 0-1

[Event "Kiev-ch"]
[Site "Kiev"]
[Date "2008.01.20"]
[Round "2"]
[White "Golubka, Petro"]
[Black "Pavlov, Sergey1"]
[Result "0-1"]
[WhiteElo "2270"]
[BlackElo "2418"]
[WhiteFideId "-1"]
[BlackFideId "-1"]
[PlyCount "64"]
[GameId "1166650240729088"]
[EventDate "2008.01.19"]
[EventType "swiss"]
[EventRounds "11"]
[EventCountry "UKR"]
[SourceTitle "CBM 122 Extra"]
[Source "ChessBase"]
[SourceDate "2008.03.04"]
[SourceVersion "1"]
[SourceVersionDate "2008.03.04"]
[SourceQuality "1"]

1. e4 c5 2. Nf3 Nc6 3. d4 cxd4 4. Nxd4 Nf6 5. Nc3 e5 6. Ndb5 d6 7. Bg5 a6 8. Na3 b5 9. Nd5 Be7 10. Bxf6 Bxf6 11. c3 Rb8 12. Nc2 Bg5 13. a4 bxa4 14. Ncb4 Bd7 15. Bxa6 Nxb4 16. cxb4 O-O 17. Rxa4 Bxa4 18. Qxa4 f5 19. Qc6 fxe4 20. O-O e3 21. f3 Kh8 22. Qc4 Qd7 23. Rd1 Qa7 24. Kh1 e4 25. f4 Bxf4 26. b5 Qf7 27. Qe2 Bh6 28. b6 Qf2 29. Rc1 g6 30. Rc6 Ra8 31. h3 Rxa6 32. Qxa6 e2 0-1

[Event "Kiev-ch"]
[Site "Kiev"]
[Date "2008.01.21"]
[Round "3"]
[White "Ianovsky, Alexander"]
[Black "Golubka, Petro"]
[Result "0-1"]
[WhiteElo "2193"]
[BlackElo "2270"]
[WhiteFideId "-1"]
[BlackFideId "-1"]
[PlyCount "88"]
[GameId "1166650240835584"]
[EventDate "2008.01.19"]
[EventType "swiss"]
[EventRounds "11"]
[EventCountry "UKR"]
[SourceTitle "CBM 122 Extra"]
[Source "ChessBase"]
[SourceDate "2008.03.04"]
[SourceVersion "1"]
[SourceVersionDate "2008.03.04"]
[SourceQuality "1"]

1. e4 e5 2. Nf3 Nc6 3. Nc3 Nf6 4. Bb5 Bb4 5. d3 d6 6. O-O Bxc3 7. bxc3 Bd7 8. c4 h6 9. c5 Na5 10. Bxd7+ Qxd7 11. cxd6 cxd6 12. c4 Nc6 13. Nh4 Nd4 14. f4 Qg4 15. Nf3 Nxf3+ 16. Qxf3 Qxf3 17. gxf3 Nh5 18. f5 g6 19. fxg6 fxg6 20. Be3 g5 21. Rfb1 Rh7 22. a4 Rf7 23. Kg2 O-O-O 24. Bxa7 Nf4+ 25. Kg3 Nxd3 26. Ra3 Nf4 27. c5 dxc5 28. Bxc5 Rd2 29. Bf2 Rc7 30. a5 h5 31. a6 bxa6 32. Rxa6 h4+ 33. Kg4 Rxf2 34. Kxg5 h3 35. Kf5 Nd3 36. Ra8+ Kd7 37. Rd1 Rc3 38. Rh8 Rxf3+ 39. Kg4 Rf4+ 40. Kxh3 Rxe4 41. Kg2 Ke6 42. h4 Nf4+ 43. Kg1 Re2 44. Rg8 Nh3+ 0-1

[Event "Kiev-ch"]
[Site "Kiev"]
[Date "2008.01.23"]
[Round "4"]
[White "Golubka, Petro"]
[Black "Kernazhitsky, Leonid"]
[Result "1-0"]
[WhiteElo "2270"]
[BlackElo "2338"]
[WhiteFideId "-1"]
[BlackFideId "-1"]
[PlyCount "156"]
[GameId "1166650240901120"]
[EventDate "2008.01.19"]
[EventType "swiss"]
[EventRounds "11"]
[EventCountry "UKR"]
[SourceTitle "CBM 122 Extra"]
[Source "ChessBase"]
[SourceDate "2008.03.04"]
[SourceVersion "1"]
[SourceVersionDate "2008.03.04"]
[SourceQuality "1"]

1. e4 c5 2. Nf3 Nc6 3. Bb5 g6 4. O-O Bg7 5. c3 Nf6 6. Re1 O-O 7. h3 e5 8. Na3 d6 9. Nc2 Bd7 10. Bf1 Re8 11. d3 d5 12. Bg5 d4 13. Qd2 b5 14. cxd4 cxd4 15. Rac1 Qb6 16. Nb4 Nxb4 17. Qxb4 Bf8 18. Qd2 Nh5 19. Bh6 Bd6 20. Be2 a5 21. Qc2 a4 22. a3 Rab8 23. Nd2 Ng7 24. Bxg7 Kxg7 25. Bg4 f5 26. exf5 gxf5 27. Bf3 Rbc8 28. Qb1 Qa5 29. Red1 Rxc1 30. Qxc1 Rc8 31. Qb1 Be6 32. g4 Kh8 33. gxf5 Bxf5 34. Ne4 Qc7 35. Kh2 Bxe4 36. Bxe4 Qf7 37. Rf1 Qf4+ 38. Kh1 Qh4 39. Kh2 Be7 40. Qd1 Bg5 41. Bg2 Bf4+ 42. Kh1 Qg5 43. Qe2 Qf5 44. Rg1 Bg5 45. Qh5 Qg6 46. Qg4 Rf8 47. Be4 Qh6 48. Rg2 Bf6 49. Rg1 Bg7 50. Rf1 Qf4 51. Qh5 Qh6 52. Qg4 Qf4 53. Qxf4 Rxf4 54. Kg2 Bh6 55. Bc6 Rf6 56. Bxb5 Rb6 57. Bxa4 Rxb2 58. Bc6 Rb3 59. a4 Rxd3 60. Ra1 Rc3 61. Bf3 Bf8 62. a5 Ra3 63. Rxa3 Bxa3 64. a6 Bc5 65. Be4 Kg7 66. Bd3 h6 67. Kf3 Kf6 68. Ke4 Ke6 69. h4 Ba7 70. f3 Bb6 71. Bc4+ Kd6 72. h5 d3 73. Bxd3 Ba7 74. Kf5 Be3 75. Be4 Bc5 76. Kg6 Be3 77. a7 Bxa7 78. Kxh6 Be3+ 1-0

[Event "Kiev-ch"]
[Site "Kiev"]
[Date "2008.01.25"]
[Round "5"]
[White "Perun, Sergey"]
[Black "Golubka, Petro"]
[Result "1/2-1/2"]
[WhiteElo "2352"]
[BlackElo "2270"]
[WhiteFideId "-1"]
[BlackFideId "-1"]
[PlyCount "57"]
[GameId "1166650241044480"]
[EventDate "2008.01.19"]
[EventType "swiss"]
[EventRounds "11"]
[EventCountry "UKR"]
[SourceTitle "CBM 122 Extra"]
[Source "ChessBase"]
[SourceDate "2008.03.04"]
[SourceVersion "1"]
[SourceVersionDate "2008.03.04"]
[SourceQuality "1"]

1. d4 Nf6 2. Nf3 e6 3. c4 b6 4. g3 Bb7 5. Bg2 Be7 6. O-O O-O 7. Nc3 Ne4 8. Nxe4 Bxe4 9. Ne1 Bxg2 10. Nxg2 d5 11. Qa4 Qd7 12. Qxd7 Nxd7 13. cxd5 exd5 14. Nf4 c6 15. Be3 Rac8 16. Rac1 Bd6 17. Rc2 Bxf4 18. Bxf4 Rfe8 19. Rfc1 Re6 20. f3 f5 21. Kf2 Kf7 22. h4 a5 23. Rc3 g6 24. R1c2 Ke8 25. Rd3 Kf7 26. Rd1 Ke8 27. h5 Kf7 28. Rh1 Kg7 29. Rd2 1/2-1/2

[Event "Kiev-ch"]
[Site "Kiev"]
[Date "2008.01.28"]
[Round "8"]
[White "Golubka, Petro"]
[Black "Stratulat, Sergey"]
[Result "1-0"]
[WhiteElo "2270"]
[BlackElo "2252"]
[WhiteFideId "-1"]
[BlackFideId "-1"]
[PlyCount "59"]
[GameId "1166650241253376"]
[EventDate "2008.01.19"]
[EventType "swiss"]
[EventRounds "11"]
[EventCountry "UKR"]
[SourceTitle "CBM 122 Extra"]
[Source "ChessBase"]
[SourceDate "2008.03.04"]
[SourceVersion "1"]
[SourceVersionDate "2008.03.04"]
[SourceQuality "1"]

1. e4 c6 2. d4 d5 3. Nc3 dxe4 4. Nxe4 Nd7 5. Ng5 Ngf6 6. Bd3 e6 7. N1f3 h6 8. Nxe6 Qe7 9. O-O fxe6 10. Bg6+ Kd8 11. c4 b6 12. Bf4 Ng4 13. Bg3 h5 14. Bh4 Ngf6 15. Ne5 Kc7 16. Nf7 Rh6 17. Nxh6 gxh6 18. Re1 Qg7 19. Bg3+ Bd6 20. Bxd6+ Kxd6 21. Bxh5 Nf8 22. Bf3 Bd7 23. Qa4 Kc7 24. b4 Kb7 25. b5 Rc8 26. c5 Nd5 27. Bxd5 cxd5 28. Qa6+ Kb8 29. cxb6 Be8 30. Rac1 1-0